Changing Britain, changing world : geographical perspectives
Αποθηκεύτηκε σε:
| Συγγραφή απο Οργανισμό/Αρχή: | |
|---|---|
| Μορφή: | Βιβλίο |
| Γλώσσα: | English |
| Δημοσίευση: |
Milton Keynes :
Open University Press,
1985
|
| Σειρά: | Social sciences, a second level course
|
| Θέματα: | |
| Ετικέτες: |
Προσθήκη ετικέτας
Δεν υπάρχουν, Καταχωρήστε ετικέτα πρώτοι!
|
MARC
| LEADER | 00000nam a2200000 i 4500 | ||
|---|---|---|---|
| 001 | 1/10233 | ||
| 008 | 000830s1985 eng d | ||
| 020 | |a 0-335-12272-8 | ||
| 035 | |l 10063359 | ||
| 040 | |a GR-MY-UA |b gre |e aacr | ||
| 041 | 0 | |a eng | |
| 082 | 0 | |a 304.2 | |
| 110 | 2 | |a Open University. | |
| 245 | 1 | 0 | |a Changing Britain, changing world : |b geographical perspectives / |c Open University |
| 260 | |a Milton Keynes : |b Open University Press, |c 1985 | ||
| 300 | |a 36 p. | ||
| 490 | 1 | |a Social sciences, a second level course | |
| 500 | |a Section 4: Geography matters. Block 8; Units 30-32 | ||
| 505 | 0 | |a Unit 30. Review, space, nature and society / Doreen Massey - Unit 31. Review: Interdependence and the uniqueness of place / John Allen - Unit 32. Unit summaries | |
| 650 | 0 | 0 | |a Human geography. |
| 651 | 0 | |a Great Britain |x Social conditions |y 1945- | |
| 740 | 0 | 2 | |a Review, space, nature and society |
| 740 | 0 | 2 | |a Interdependence and the uniqueness of place |
| 830 | 0 | |a Social sciences, a second level course | |
| 852 | |a INST |b LESVOS |e 20000830 |h 304.2 OPE |p 005100023158 |q 005100023158 |t BK |y 0 | ||
| 901 | |a BIBL1-2000-2 | ||
| 909 | |a Λ |b 007082 | ||
| 922 | |a 1ΕΛΗ |b 198706 |c ΠΠ/707/9 |d GLORY | ||
| 970 | |z 2000/08/ELIDOC | ||